all fnf characters and fnf characters mod - Statistics

General Stats
  • This quiz has been taken 15 times
    5 since last reset
  • The average score is 53 of 238
Answer Stats
Mods and weeks Characters % Correct
Tutorial Boyfriend
100%
Week 1 Daddy Dearest
100%
Tutorial Girlfriend
100%
Dave and bambi Bambi
75%
Bob and bosip | literally every fnf mod ever Bob
75%
Bob and bosip Bosip
75%
The full carol Carol
75%
Dave and bambi Dave
75%
Happy tree friends Flippy
75%
Hextravaganza + Hexperience Hex
75%
Week 2 and 5 Lemon Demon
75%
Eddsworld | Wii funkin Matt
75%
Week 4 Mommy Mearest
75%
Nonsense | Nonsensial Nonsense
75%
Week 3 Pico
75%
Week 2 Pump
75%
Week 6 Senpai
75%
Scooby doo Shaggy
75%
Week 2 Skid
75%
Sonic.exe Sonic.Exe
75%
Sonic the hedgehog Tails
75%
Week 7 Tankman
75%
Back Alley Blitz Whitty
75%
Vs.entity Agoti
50%
Mii funkin Austin
50%
The Amazing Digital Circus Caine
50%
Mii funkin Eteled
50%
happy tree friends Flaky
50%
Sonic.exe Fleetway
50%
The Amazing Digital Circus Jax
50%
literally every fnf mod ever Little man
50%
Sonic.exe Lord X
50%
Sonic.exe Majin Sonic
50%
Pico's school Nene
50%
Pibby Pibby
50%
The Amazing Digital Circus Pomni
50%
literally every fnf mod ever Ron
50%
Week 6 Spirit
50%
Minecraft Steve
50%
Vs.tabi Tabi
50%
Sonic.exe Tails Doll
50%
Bob and bosip Amor
25%
Vs.annie Annie
25%
Vs.arch Arch
25%
Bob and bosip Ash
25%
Regular show Benson
25%
Bob and bosip Blu
25%
Rainbow friends Blue
25%
Fnaf 1 Bonnie
25%
Poppy playtime Bunzo Bunny
25%
Cartoon cat Cartoon Cat
25%
Cartoon cat Cartoon Dog
25%
Pico's school Cassandra
25%
Poppy playtime Catnap
25%
Va.cheeky Cheeky
25%
Fnaf 1 Chica
25%
The amazing world of gumball Darwin
25%
Madness combat Deimos
25%
Team Fortress 2 Demoman
25%
Eddsworld Edd
25%
Sonic.exe Eggman.Exe
25%
Dave and bambi Expunged
25%
Sonic.exe v2 Faker
25%
Pibby Finn
25%
Fireboy and watergirl Fireboy
25%
Fnaf 1 Foxy
25%
Fnaf 1 Freddy
25%
Smoke 'Em Out Struggle Garcello
25%
Garfield Garfield
25%
Dragon ball Goku
25%
Fnaf 1 Golden Freddy
25%
Pokemon Gold silver
25%
Rainbow friends Green
25%
The amazing world of gumball Gumball
25%
Madness combat Hank
25%
Hatsune miku Hatsune Miku
25%
Sonic the hedgehog HD Sonic
25%
Team Fortress 2 Heavy
25%
Poppy playtime Huggy Wuggy
25%
Pokemon Hypno
25%
Pibby Jake
25%
Madness combat Jebus
25%
Arcade showdown Kapi
25%
Sonic.exe Knuckles.Exe
25%
Skid mom Lila
25%
Fnaf 2 Mangle
25%
Vs.mecha sonic Mecha sonic
25%
Team Fortress 2 Medic
25%
Bob and bosip Mini
25%
Pokemon MissingNo
25%
Poppy playtime Mommy Long Legs
25%
DDLC Monika
25%
Pibby Mordecai
25%
Mr beast Mr beast
25%
Vs.neon Neon
25%
Roblox Noob
25%
Rainbow friends Orange
25%
Oswald the Lucky rabbit Oswald
25%
SpongeBob Patrick
25%
Pokémon(normal) Pikachu
25%
Pou Pou
25%
Team Fortress 2 Pyro
25%
Mid-Fight Masses Rasazy
25%
Pokemon | Rainbow friends Red
25%
Starlight mahyem Ruby
25%
Mid-Fight Masses Ruv
25%
Sonic.exe Sanic
25%
Mid-Fight Masses Sarvente
25%
Team Fortress 2 Scout
25%
Mid-Fight Masses Selever
25%
Vs.sky Sky
25%
SpongeBob SpongeBob
25%
Team Fortress 2 Spy
25%
SpongeBob Squidward
25%
Vs.starecrown Starecrown
25%
Pokemon Steven
25%
Pibby Steven Universe
25%
Sonic.exe Sunky
25%
Sonic.exe Tails.Exe
25%
Brainrot Thung Thung Sahur
25%
Eddsworld | Pibby Tom
25%
Eddsworld Tord
25%
Fnaf 2 Toy Bonnie
25%
Fnaf 2 Toy Chica
25%
Fnaf 2 Toy Freddy
25%
Madness combat Tricky
25%
Dave and bambi Tristan
25%
Trollface Trollface
25%
Scooby doo Velma
25%
Fireboy and watergirl Watergirl
25%
woody woodpecker Woody Woodpecker
25%
DDLC Yuri
25%
Vs.zardy Zardy
25%
Vs.entity Aldryx Andromeda
0%
Minecraft Alex
0%
Pokemon Alexis
0%
Pibby Annoying Orange
0%
Madness combat Auditor
0%
Pokemon Away
0%
Fnaf 2 Baloon Boy
0%
Pibby Ban Ban
0%
Vs.arch Bbpanzu
0%
Pokemon Beelzy
0%
Pibby Ben 10
0%
Pokemon Blake
0%
Bob and bosip Bobal
0%
Bob and bosip Bobot
0%
Bob and bosip Bofo
0%
Bob and bosip Bowaev
0%
Pibby Bubbles
0%
Pibby Bugs Bunny
0%
Pokemon Buried Alive
0%
Vs.zardy Cablecrow
0%
Pokemon Cartridge Guy
0%
Bob and bosip Cerbera
0%
Bob and bosip Cerberus
0%
Young Lixo Chicken
0%
Starlight mahyem CJ
0%
Pokemon Dawn
0%
Pokemon DISABLED
0%
Brawl stars Edgar
0%
Team Fortress 2 Engineer
0%
Dave and bambi Exbungo
0%
Young lixo Gemaplays
0%
Pokemon Gengar
0%
Pokemon Grey
0%
Roblox Hacker
0%
Young Lixo Hacker Turbo
0%
Pokemon Hell Bell
0%
Madness combat Hellclown
0%
Henry stickman Henry Stickman
0%
Minecraft Herobrine
0%
Among us Impostor
0%
Among us Impostor Green
0%
Among us Impostor Grey
0%
Among us Impostor Orange
0%
Among us Impostor Pink
0%
Among us Impostor Yellow
0%
Madness combat Jesus Christ
0%
Bob and bosip JGhost
0%
Garfield John
0%
Dave and bambi Joke Bambi
0%
Madness combat Kaboom
0%
Poppy playtime Kissy Missy
0%
Young Lixo Lone
0%
Dave and bambi Madden
0%
Suicide mouse Mickey AVI
0%
Pokemon Mike
0%
Young lixo Mineirinho
0%
Dave and bambi MoldyGH
0%
Pokemon Muk
0%
DDLC Natauki
0%
Vs.entity Nikuza
0%
Bob and bosip Noke
0%
Young Lixo O Char Mais Apelão Do Mundo
0%
Pibby Peppa Pig
0%
My little pony Pinkie Pie
0%
Young lixo Pixel Gemaplays
0%
Pokemon PLS Silver
0%
Pokemon Ponyta
0%
Pou Pou.Exe
0%
Pibby Princess Bubblegum
0%
DDLC Protagonist
0%
Fnaf 2 Puppet
0%
Pokemon Purin
0%
My little pony Rainbow Dash
0%
Starving Artist Rebeca
0%
Pibby Robin
0%
Young Lixo Saiko
0%
Team Fortress 2 Saxton Hale
0%
DDLC Sayuri
0%
Secret story Secret Story Sonic
0%
Secret story Secret Story Tails
0%
Brawl stars Shelly
0%
Pokemon Shinto
0%
Team Fortress 2 Sniper
0%
Vs.entity Solazar
0%
Team Fortress 2 Soldier
0%
Steven universe Spinel
0%
Young Lixo Tibba
0%
Pibby Timmy Tunner
0%
Tails get trolled Trolled Knuckles
0%
Tails get trolled Trolled Shadow
0%
Tails get trolled Trolled Sonic
0%
Tails get trolled Trolled Tails
0%
Pibby Uncle Grandpa
0%
Pibby Vicky Tunner
0%
Pokemon White Hand
0%
Fnaf 2 Withered Bonnie
0%
Fnaf 2 Withered Chica
0%
Fnaf 2 Withered Foxy
0%
Fanf 2 Withered Freddy
0%
Fnaf 2 Withered Golden Freddy
0%
No matching quizzes found
Score Distribution
Percent of People with Each Score
Percentile by Number Answered
Your Score History
You have not taken this quiz since the last reset